000 00524nam a2200205Ia 4500
005 20250505145739.0
008 008 250505s9999 xx 000 0 eng d
037 _aTextbook
040 _aFML
_beng
_cFML
041 _aeng
_2eng
084 _aO152,1J31
_qFML
100 _aArora, Anju
245 0 _aLife's Song Of Mirabai
260 _aGurugram , Haryana
_bShubhi Pub.
_c2024
300 _a82p
365 _aINR
_b395
650 _aMusic
942 _cTB
_hO152,1J31
999 _c1311740
_d1311740